000 00398 a2200169 4500
001 71639
020 _a8516009912
040 _cAnchieta - Colégio São Paulo
100 _aLadeira, Julieta de Godoy
240 1 0 _aUm Natal bem diferente
_lpor
245 1 0 _aUm Natal bem diferente
300 _a64
362 0 _a1996
440 1 _aModerna
650 4 _aLiteratura infanto-juvenil
942 _cBK
999 _c71639
_d71639